Datum a čas kvízu
25
Celkem bodů
Celkový počet nahraných bodů na tomto kvízu bez doplňovacích otázek.
4.
Pořadí na kvízu
Konečné umístění týmu na tomto kvízu.
Zaznamenané odpovědi
| # | Otázka | Odpověď | Body | Výsledky |
|---|---|---|---|---|
| 1. | Minulý týden roztálo sněhové p... | Mapa republiky | 0 | |
| 2. | Spojené státy americké v úterý... | Světová zdravotnická organizace (WHO) | 1 | |
| 3. | Minulý týden vstoupil do kin d... | Meky | 1 | |
| 4. | V pátek v San Francisku proběh... | Jevgenij Nikulin | 1 | |
| 5. | Čtyřnásobný šampión Tour de Fr... | Chris Froome | 1 | |
| 6. | Různé návykové látky jsou užív... | pelyněk (pravý) | 1 | |
| 7. | Tabákové listy obsahují návyko... | viržinský | 0 | |
| 8. | Konopí se odpradávna používá j... | kanabinoidy | 1 | |
| 9. | Znáte nebo dokážete odvodit ná... | Heroin | 0 | |
| 10. | Kokain byl poprvé izolován v r... | Medellín | 1 |